| 000 | 00508nam a2200181 a 4500 | ||
|---|---|---|---|
| 005 | 20140412111317.0 | ||
| 008 | 010319s19uu xx 00 eng d | ||
| 020 | _a0-86432-294-1 | ||
| 050 |
_aER _bWh55 1990 |
||
| 100 | _aSmith, Donald | ||
| 245 |
_aWho's wearing my sunglasses? / _cDonald Smith. |
||
| 260 |
_a[s.l.] : _bHawk Books Ltd, _c1990. |
||
| 300 | _a1 v. (unp.) ; ill. | ||
| 440 | _aPeek Through Board Books | ||
| 650 | _aSunglass - Fiction | ||
| 650 | _aSunglass - Stories | ||
| 999 |
_c104247 _d104247 |
||